Metro Warszawskie I linia - Statystyki

Ogólne statystyki
  • Ten quiz został rozwiązany 556 razy
  • Średni wynik to 15 z 21
Statystyki odpowiedzi
Hint Odpowiedź % Poprawnych
Ursynów Kabaty
96%
Bielany Młociny
82%
Śródmieście Centrum
80%
Śródmieście Świętokrzyska
79%
Ursynów Imielin
78%
Ursynów Natolin
77%
Śródmieście Politechnika
76%
Śródmieście Ratusz Arsenał
76%
Mokotów Pole Mokotowskie
74%
Śródmieście Dworzec Gdański
73%
Ursynów Ursynów
70%
Żoliborz Plac Wilsona
69%
Bielany Stare Bielany
69%
Mokotów Wilanowska
69%
Ursynów Stokłosy
68%
Bielany Wawrzyszew
68%
Żoliborz Marymont
67%
Mokotów Racławicka
66%
Mokotów Służew
64%
Bielany Słodowiec
62%
Mokotów Wierzbno
62%
Nie znaleziono quizów pasujących do podanych kryteriów
Rozkład punktacji
Procent ludzi z każdym wynikiem
Percentyl według liczby udzielonych odpowiedzi
Twoja historia wyników
Nie rozwiązałeś tego quizu